Anwendungsbezogener Kriterienkatalog zur Beurteilung von Standardanwendungssoftware für die Auswertung von Marktforschungsdaten
Enregistré dans:
| Auteur principal: | |
|---|---|
| Autres auteurs: | |
| Format: | Livre |
| Langue: | allemand |
| Publié: |
Wien
Institut für Höhere Studien
1981
|
| Tags: |
Pas de tags, Soyez le premier à ajouter un tag!
|
MARC
| LEADER | 00000nam a2200000 4500 | ||
|---|---|---|---|
| 001 | c125343 | ||
| 005 | 20041019155234.8 | ||
| 041 | 0 | |a ger | |
| 044 | |a AT | ||
| 245 | 1 | 0 | |a Anwendungsbezogener Kriterienkatalog zur Beurteilung von Standardanwendungssoftware für die Auswertung von Marktforschungsdaten |c Norbert Frömmer, Karlheinz Zügner |
| 264 | 1 | |a Wien |b Institut für Höhere Studien |c 1981 | |
| 300 | |a 56, 5 s. | ||
| 100 | 1 | |a Frömmer, Norbert | |
| 700 | 1 | |a Zügner, Karlheinz | |